00579cam a22002177a 4500003000500000005001700005008004100022010001000063011001000073035001000083040000900093082001900102100001900121245003900140260003600179300002000215490003200235500004100267650002100308830003200329CHAP20220329142608.0971013s1969 ma r 00010 d a85455 a86427 a96965 cCHAP a576bS58Y 196900aSistrom, W. R. 0aVida microbianac/por W.R. Sistrom aMéxico, D.F. :bCECSA,c1973. a174 p.b: ilus. 0aSerie de biología moderna aTrad. de la 2a ed. de Microbial life14aMicrobiología.0 aSerie de biología moderna